000 00310nam a2200133Ia 4500
008 221030s9999 xx 000 0 und d
041 _aEnglish
082 _a105.23
100 _aS.P. Sharma
245 0 _aBasic Radio & Television (Colour & B&W)
_cby S.P. Sharma
260 _c0
650 _aB
942 _cBK
999 _c11924
_d11924